000 00852nam a2200253 a 4500
003 CBULib
005 20240522095655.0
008 180925s2017 ||||||||||||||||| || u
020 _a9789211129229
040 _aCBULib
_bEnglish
_cCBULib
_erda
041 _aeng
050 _aUNCTAD(058)RMT/2017
110 _aUnited Nations Conference on Trade and Development (UNCTAD)
245 0 0 _aReview of maritime transport 2017
_c/ by United Nations Conference on Trade And Development [UNCTAD]
260 _aNew York :
_bUnited Nations,
_c2017
300 _axiii, 114 pagesa : illustrations
336 _2rdacontent
_aText |
_btxt
337 _2rdamedia
_aUnmediated |
_bn
338 _2rdacarrier
_aVolume
_bnc
650 _aWATER TRANSPORT
650 _aSHIPPING--STATISTICS--PERIODICALS
650 _aMERCHANT MARITIME-STATISTICS
942 _2mc
_c029
999 _c80217
_d80217